000 00719nam a2200253Ia 4500
003 OSt
005 20221007072427.0
006 a|||||r|||| 00| 0
007 ta
008 221006b |||||||| |||| 00| 0 eng d
024 _a1,512
037 _cReference Collections
040 _aFLL
_cFLL
_beng
041 _2eng
_aeng
082 _aXM55:Z3, J9;K8;4
100 _aSchmitthoff Clive M.
245 0 _aCompany law
250 _a21st
260 _aLondon
_bStevens and sons limited India
_c1968
650 _aCompany law
700 _a Thompson James H.
_9690634
942 _hXM55:Z3, J9;K8;4
_cREF
_2CC
999 _c1146039
_d1146039